Once To Sinai: (Record no. 12999)
[ view plain ]
| 000 -LEADER | |
|---|---|
| fixed length control field | 01131cam a22002891 4500 |
| 001 - CONTROL NUMBER | |
| control field | 14464251 |
| 005 - DATE AND TIME OF LATEST TRANSACTION | |
| control field | 20070501153851.0 |
| 008 - FIXED-LENGTH DATA ELEMENTS--GENERAL INFORMATION | |
| fixed length control field | 060724s1957 enka |r 001 0 eng d |
| 010 ## - LIBRARY OF CONGRESS CONTROL NUMBER | |
| LC control number | 58008470 |
| 040 ## - CATALOGING SOURCE | |
| Original cataloging agency | DLC |
| Transcribing agency | DLC |
| Modifying agency | DLC |
| 043 ## - GEOGRAPHIC AREA CODE | |
| Geographic area code | f-ua--- |
| 050 00 - LIBRARY OF CONGRESS CALL NUMBER | |
| Classification number | DS110.5 |
| Item number | .P73 1958 |
| 051 ## - LIBRARY OF CONGRESS COPY, ISSUE, OFFPRINT STATEMENT | |
| Classification number | DS110.5 |
| Item number | .P73 1958 |
| Copy information | Copy 2. |
| 082 ## - DEWEY DECIMAL CLASSIFICATION NUMBER | |
| Edition number | 22 |
| Classification number | 291.350962 |
| Item number | PRE |
| 100 1# - MAIN ENTRY--PERSONAL NAME | |
| Personal name | Prescott, H. F. M. |
| Fuller form of name | (Hilda Frances Margaret), |
| Dates associated with a name | 1896-1972. |
| 9 (RLIN) | 9712 |
| 245 10 - TITLE STATEMENT | |
| Title | Once To Sinai: |
| Remainder of title | The Further Pilgrimage of Friar Felix Fabri/ |
| Statement of responsibility, etc | H. F. M. Prescott |
| 260 ## - PUBLICATION, DISTRIBUTION, ETC. (IMPRINT) | |
| Place of publication, distribution, etc | New York: |
| Name of publisher, distributor, etc | Macmillan, 1957 |
| Date of publication, distribution, etc | 1957. |
| 300 ## - PHYSICAL DESCRIPTION | |
| Extent | 310 p.: |
| Other physical details | ill. ; |
| Dimensions | 22 cm. |
| 500 ## - GENERAL NOTE | |
| General note | Donated by: Alaa Abdel Ghany |
| 504 ## - BIBLIOGRAPHY, ETC. NOTE | |
| Bibliography, etc | Includes bibliography p.287-290 and index |
| 600 10 - SUBJECT ADDED ENTRY--PERSONAL NAME | |
| Personal name | Fabri, Felix, |
| Dates associated with a name | 1441 or 2-1502. |
| 9 (RLIN) | 9713 |
| 650 #0 - SUBJECT ADDED ENTRY--TOPICAL TERM | |
| Topical term or geographic name as entry element | Pilgrims and pilgrimages |
| Geographic subdivision | Egypt |
| -- | Sinai. |
| 9 (RLIN) | 9714 |
| 942 ## - ADDED ENTRY ELEMENTS (KOHA) | |
| Source of classification or shelving scheme | Dewey Decimal Classification |
| Item type | Book - Borrowing |
| Withdrawn status | Item status | Source of classification or shelving scheme | Damaged status | Not for loan | Vendor | Home library | Current library | Shelving location | Date acquired | Source of acquisition | Total Checkouts | Full call number | Barcode | Date last seen | Koha item type | Public note |
|---|---|---|---|---|---|---|---|---|---|---|---|---|---|---|---|---|
| Dewey Decimal Classification | Central Library | Central Library | Lower Floor | 07/12/2009 | Donation | 291.350962 PRE | 000019211 | 15/07/2025 | Book - Borrowing | Donated by Alaa Abdel Ghaney |